Prime market bulletin (Record no. 119183)
[ view plain ]
| 000 -LEADER | |
|---|---|
| fixed length control field | 01161cas a22002415a 4500 |
| 001 - CONTROL NUMBER | |
| control field | L143557 |
| 008 - FIXED-LENGTH DATA ELEMENTS--GENERAL INFORMATION | |
| fixed length control field | 080519c2007 xxkuu pssss 0 a0eng u |
| 035 ## - SYSTEM CONTROL NUMBER | |
| System control number | (Sirsi) u143557 |
| 041 0# - LANGUAGE CODE | |
| Language code of text/sound track or separate title | eng |
| 050 ## - LIBRARY OF CONGRESS CALL NUMBER | |
| Classification number | 333.33 $2 18 |
| 110 2# - MAIN ENTRY--CORPORATE NAME | |
| Corporate name or jurisdiction name as entry element | Savills |
| 9 (RLIN) | 2020 |
| 245 00 - TITLE STATEMENT | |
| Title | Prime market bulletin |
| Medium | [electronic resource] |
| 260 ## - PUBLICATION, DISTRIBUTION, ETC. | |
| Place of publication, distribution, etc. | London |
| Name of publisher, distributor, etc. | Savills |
| Date of publication, distribution, etc. | 2007- |
| 362 0# - DATES OF PUBLICATION AND/OR SEQUENTIAL DESIGNATION | |
| Dates of publication and/or sequential designation | 2007- |
| 490 #0 - SERIES STATEMENT | |
| Series statement | Prime Market Bulletin |
| 520 ## - SUMMARY, ETC. | |
| Summary, etc. | Examines and provides commentary on trends in the prime housing and land markets around the UK. Considers the key drivers of these markets and their performance in relation to other markets. Graphs show market sales and rental values, and levels of supply and demand. Focus is typically given to London sales, lettings and countrywide farmland markets. |
| 554 ## - | |
| -- | Irregular |
| 651 #4 - SUBJECT ADDED ENTRY--GEOGRAPHIC NAME | |
| Geographic name | United Kingdom |
| Chronological subdivision | |
| 690 ## - LOCAL SUBJECT ADDED ENTRY--TOPICAL TERM (OCLC, RLIN) | |
| Topical term or geographic name as entry element | PROPERTY-RESIDENTIAL PROPERTY-RESIDENTIAL PROPERTY MARKET |
| 690 ## - LOCAL SUBJECT ADDED ENTRY--TOPICAL TERM (OCLC, RLIN) | |
| Topical term or geographic name as entry element | PROPERTY-RURAL AND NATURAL ASSETS-AGRICULTURAL PROPERTY-AGRICULTURAL PROPERTY MARKET |
| 856 40 - ELECTRONIC LOCATION AND ACCESS | |
| Uniform Resource Identifier | <a href="https://www.savills.co.uk/research/Report.aspx?category=Residential">https://www.savills.co.uk/research/Report.aspx?category=Residential</a> |
| Public note | View the items free of charge at www.savills.co.uk... |
| 942 ## - ADDED ENTRY ELEMENTS (KOHA) | |
| Suppress in OPAC | 0 |
| Withdrawn status | Lost status | Source of classification or shelving scheme | Damaged status | Not for loan | Home library | Current library | Shelving location | Date acquired | Total Checkouts | Full call number | Barcode | Date last seen | Copy number | Price effective from | Koha item type |
|---|---|---|---|---|---|---|---|---|---|---|---|---|---|---|---|
| Dewey Decimal Classification | Virtual | Virtual | Online | 19/05/2008 | ONLINE PUBLICATION | 143557-1001 | 06/08/2019 | 1 | 06/08/2019 | Book |